Responses for Show #6874 - Thursday, July 3, 2014

Contestants

[<< previous game]

Beverly Garcia, a lawyer from Quincy, Massachusetts

Jeff Versteeg, an account executive from Cleveland, Ohio

Christi Esterle, a librarian and stay-at-home mom from Colorado Springs, Colorado (whose 1-day cash winnings total $11,999)

[next game >>]

Jeopardy! Round responses

BORN IN THE USA
GLORY DAYS
COVER ME
THE GHOST OF TOM JOAD
BRUCE SPRINGSTEEN
THE "E" STREET BAND
    $200 7
Frank Lloyd Wright

Beverly
    $200 10
Hinduism

Christi
    $200 26
dressing

Christi
    $200 16
(Jeff: What is California?)

Oklahoma

ChristiJeff
    $200 6
"Born To Run"

Beverly
    $200 1
eternity

Christi
    $400 8
(Jeff: Who is Madeleine Albright?)
(Christi: Who is Hillary Clinton?)

Condoleezza Rice

ChristiJeff
Triple Stumper
    $400 27
Christmas trees

Jeff
    $400 25
crops

Christi
    $400 17
prison

Jeff
    $400 9
Philadelphia

Beverly
    $400 2
equestrian

Christi
    $600 13
Timothy Leary

Jeff
    $600 28
the fiesta

Christi
    $600 24
Cover Girl

Jeff
    $600 18
Henry Fonda

Beverly
    $600 22
Jimmy Fallon

Jeff
    $600 3
entrepreneur

Jeff
    $800 14
(William Randolph) Hearst

Jeff
    $1,000 29
(Christi: What is Vietnam?)

the Philippines

Christi
    $800 23
(Beverly: What is a cocoon?)

a chrysalis

ChristiBeverly
    $800 19
(Beverly: What is a pastor?)

preacher

JeffBeverly
    $800 21
(Christi: What is Atlantic City?)

Asbury Park

ChristiBeverly
    $800 11
eviscerate

Beverly
    $1000 15
(Eliot) Ness

Christi
    $1000 30
Kenya

Triple Stumper
    $1000 5
a helmet (or hat)

Christi
    $1000 4
oranges

Triple Stumper
    $1000 20
(Jeff: What is heart?)
(Alex: Be more specific.)
(Jeff: What is a beating heart?)
(Alex: No. Beverly or Christi? Now Jeff suddenly remembers he should have said [*].)

a hungry heart

Jeff
Triple Stumper
    $1000 12
estuary

Christi

Scores at the first commercial break (after clue 15):

Christi Jeff Beverly
$3,400 $1,600 $1,600

Scores at the end of the Jeopardy! Round:

Christi Jeff Beverly
$3,800 $3,200 $1,400

Double Jeopardy! Round responses

MR. SECRETARY
DOUBLE LETTERS
CLIFFS
COLLEGES & UNIVERSITIES
SCIENTIFIC NON-AMERICAN
NAME THE NETWORK
    $400 6
Education

Jeff
    $400 26
rabble

Christi
    $400 19
Merlin

Christi
    $400 1
the University of Chicago

Beverly
    $400 16
Fahrenheit

Beverly
    $400 24
Food Network

Christi
    $800 13
Alexander Hamilton

Jeff
    $800 27
(Jeff: What is a muppet?)
...
(Alex: [*] is right with less than a minute to go.)

moppet

ChristiJeff
    $800 20
(Beverly: What is CancĂșn?)
(Christi: What is Cozumel?)

Acapulco

ChristiBeverly
Triple Stumper
    $800 2
Duke

Beverly
    $800 17
Linnaeus

Beverly
    $800 25
ABC

Jeff
    $1200 12
George Romney

Triple Stumper
    $1200 11
smuggler

Christi
    $1200 21
(Beverly: What is Arizona?)

New Mexico

Beverly
Triple Stumper
    $1,000 3
Maine

Beverly
    $1200 18
Roentgen

Triple Stumper
    $1200 15
the E! network

Jeff
    $1600 8
(Christi: What is Treasury?)

Secretary of Commerce

ChristiJeff
    $1600 10
schooner

Triple Stumper
    $1600 22
Molokai

Beverly
    $1600 4
Carleton

Beverly
    $2,500 14
(Edmond) Halley

Jeff
    $1600 28
PBS

Christi
    $2000 7
Interior

Triple Stumper
    $2000 9
infallible

Christi
    $2000 23
Angel Falls

Christi
    $2000 5
(Alex: Interestingly enough that school was [*].)

the U.S. Military Academy at West Point

Triple Stumper
    $2000 30
(August) Möbius

Christi
    $2000 29
Spike

Jeff

Scores at the end of the Double Jeopardy! Round:

Christi Jeff Beverly
$12,200 $11,700 $6,000

[wagering suggestions for these scores]

Final Jeopardy! Round responses

FAMOUS OBJECTS
(Alex: [To Christi] "The Stone of Destiny". Very important to Scotland's history.)
BeverlyWhat is the Hope Diamond?
$6,000
JeffWhat is the Royal Jewels
$501
ChristiWhat is the Stone of Scone?
$12,000
the Stone of Scone

Final scores:

Christi Jeff Beverly
$24,200 $11,199 $0
2-day champion: $36,199 2nd place: $2,000 3rd place: $1,000

Game dynamics:

Coryat scores:

Christi Jeff Beverly
$13,200 $10,800 $6,200
20 R,
5 W
(including 1 DD)
15 R
(including 1 DD),
4 W
13 R
(including 1 DD),
4 W

Combined Coryat: $30,200

[game clues] [game scores] [suggest correction]

Game tape date: 2014-03-12
The J! Archive is created by fans, for fans. Scraping, republication, monetization, and malicious use prohibited; this site may use cookies and collect identifying information. See terms. The Jeopardy! game show and all elements thereof, including but not limited to copyright and trademark thereto, are the property of Jeopardy Productions, Inc. and are protected under law. This website is not affiliated with, sponsored by, or operated by Jeopardy Productions, Inc. Join the discussion at JBoard.tv.